Ekonomická sila sa presúva zo západu na východ aktuálne trendy vývoja globálnej ekonomiky
Fiškálna a monetárna politika Európskej centrálnej banky. Maastrichtská zmluva a údaje Európskej komisie. Platobná bilancia a úroveň HDP. Vývoj ekonomických indikátorov v USA. Posun ekonomickej sily Číny. Pracovný trh, ľudská práca a nezamestnanosť.
Salvato in:
| Autore principale: | |
|---|---|
| Natura: | Capitolo di libro |
| Lingua: | slovacco |
| Soggetti: | |
| Tags: |
Nessun Tag, puoi essere il primo ad aggiungerne!!
|
MARC
| LEADER | 00000naa$a2200000$$$4500 | ||
|---|---|---|---|
| 001 | 0109360 | ||
| 005 | 20240502072216.8 | ||
| 041 | 0 | |a slo | |
| 044 | |a SK | ||
| 245 | 1 | 0 | |a Ekonomická sila sa presúva zo západu na východ |b aktuálne trendy vývoja globálnej ekonomiky |c Miloš Bikár |
| 520 | |a Fiškálna a monetárna politika Európskej centrálnej banky. Maastrichtská zmluva a údaje Európskej komisie. Platobná bilancia a úroveň HDP. Vývoj ekonomických indikátorov v USA. Posun ekonomickej sily Číny. Pracovný trh, ľudská práca a nezamestnanosť. | ||
| 610 | 2 | 0 | |a vývoj hospodársky |
| 610 | 2 | 0 | |a banky centrálne |
| 610 | 2 | 0 | |a politika rozpočtová |
| 610 | 2 | 0 | |a produkt domáci hrubý |
| 610 | 2 | 0 | |a globalizácia hospodárstva |
| 610 | 2 | 0 | |a nezamestnanosť |
| 100 | 1 | |a Bikár, Miloš, 1973- | |